000
00264nam a2200097Ia 4500
001
1158352
005
20250827011300.0
008
250824s9999 xx 000 0 und d
245
0
_a
USTA BİR SİFACININ KADİM SIRLARI
_c
CLİNT G. ROGERS
260
_b
DESTEK YAYINLARI
999
_c
1158352
_d
1158352